Logo BPK

Bibliografia Prac Pracowników

Politechniki Koszalińskiej

Wpływ korelacji międzyparametrowej na bezpieczeństwo niektórych obiektów geotechnicznych : (Rekord nr 2437)

Szczegóły MARC
000 -ETYKIETA REKORDU
podpole kontrolne o stałej długości 02309nam a2200433 i 4500
003 - IDENTYFIKATOR NUMERU KONTROLNEGO REKORDU
podpole kontrolne KOSZ 005
005 - DATA OSTATNIEJ MODYFIKACJI REKORDU
podpole kontrolne 20200616113402.0
008 - POLE O STAŁEJ DŁUGOŚCI - DANE KONTROLNE
podpole kontrolne o stałej długości 150323s2002 pl a f m |000 0 pol d
035 ## - NUMER SYSTEMOWY
Numer systemowy przejętego rekordu 2437
040 ## - ŹRÓDŁO KATALOGOWANIA
Instytucja, która utworzyła rekord KOSZ 005
Instytucja, która sporządziła opis KOSZ 005
Instytucja, która dokonała modyfikacji KOSZ 005/EG
041 ## - KOD JĘZYKA
Kod języka tekstu pol
046 ## - SPECIAL CODED DATES
Type of date code 2002
080 ## - UNIWERSALNA KLASYFIKACJA DZIESIĘTNA - UKD
UKD 624.131
084 ## - NUMER INNEJ KLASYFIKACJI
Numer klasyfikacji 630000
100 1# - NAZWA OSOBOWA
Nazwa osobowa Abd-El-Regal Osman, Saber Mohamed.
Określenie rodzaju współpracy Autor
245 10 - TYTUŁ/ODPOWIEDZIALNOŚĆ
Tytuł Wpływ korelacji międzyparametrowej na bezpieczeństwo niektórych obiektów geotechnicznych :
Ciąg dalszy tytułu rozprawa doktorska /
Pozostałe elementy strefy tytułu i oznaczenia odpowiedzialności Saber Mohamed Abd-El-Regal Osman ; Politechnika Koszalińska. Wydział Budownictwa i Inżynierii Środowiska.
260 ## - STREFA ADRESU WYDAWNICZEGO
Miejsce wydania Koszalin :
Nazwa wydawcy/dystrybutora [s.n.],
Data publikacji, dystrybucji/powstania dokumentu 2002.
300 ## - STREFA OPISU FIZYCZNEGO
Objętość 253 strony :
Inne cechy fizyczne ilustracje ;
Rozmiary 30 cm +
Dokument towarzyszący 3 recenzje.
336 ## - TYP ZAWARTOŚCI
Źródło (terminu i kodu) rdacontent
Termin opisujący typ zawartości Tekst
Kod określający zawartość txt
337 ## - TYP MEDIÓW
Źródło (terminu i kodu) rdamedia
Tryb odtwarzania Bez urządzenia pośredniczącego
Kod typu mediów n
338 ## - TYP/RODZAJ NOŚNIKA
Źródło (terminu i kodu) rdacarrier
Hasło opisujące typ nośnika Wolumin
Kod typu nośnika nc
500 ## - UWAGI OGÓLNE
Tekst uwagi Druk jednostronny.
502 ## - UWAGA DOTYCZĄCA DYSERTACJI
Informacje o dysertacji Rozprawa doktorska. Politechnika Koszalińska. 2002.
504 ## - UWAGA DOTYCZACA BIBLIOGRAFII
Informacje o bibliografii Bibliografia na stronach 155-160.
520 ## - UWAGA DOTYCZĄCA TREŚCI DOKUMENTU
Analiza dokumentacyjna, adnotacja itp. Celem pracy jest rozpoznanie związków między korelacją w zbiorze parametrów stanu obiektu geotechnicznego a bezpieczeństwem tego obiektu. Autor analizę prowadzi na przykładzie fundamentu bezpośredniego, ale wnioski są ważne także dla innych obiektów, np. ściany oporowej lub zbocza. Zakres pracy obejmuje ponadto wyznaczanie hiperpowierzchni granicznej fundamentu ze względu na możliwość wyparcia gruntu, analizę jej kształtu w paru podprzestrzeniach dwuwymiarowych, a także opracowanie procedury szybkiego numerycznego wyznaczania hiperpowierzchni równego bezpieczeństwa.
650 #0 - HASŁO PRZEDMIOTOWE W FORMIE NAZWY OGÓLNEJ LUB JEDNOSTKOWEJ
Nazwa ogólna lub geograficzna Fundamenty.
653 ## - TERMIN INDEKSOWY - FORMA NIEKONTROLOWANA
Termin indeksowy Geotechnika
653 ## - TERMIN INDEKSOWY - FORMA NIEKONTROLOWANA
Termin indeksowy Powierzchnia graniczna
653 ## - TERMIN INDEKSOWY - FORMA NIEKONTROLOWANA
Termin indeksowy Bezpieczeństwo
658 ## - INDEX TERM--CURRICULUM OBJECTIVE
Main curriculum objective Inżynieria i technika
655 #4 - TERMIN INDEKSOWY - OKREŚLENIE RODZAJU/FORMY DOKUMENTU
Określnie rodzaju/formy dokumentu Rozprawa doktorska
700 1# - HASŁO DODATKOWE - NAZWA OSOBOWA
Nazwa osobowa Hauryłkiewicz, Janusz.
Określenie związku między hasłem a opisywanym materiałem Promotor
700 1# - HASŁO DODATKOWE - NAZWA OSOBOWA
Nazwa osobowa Werno, Maciej.
Określenie związku między hasłem a opisywanym materiałem Recenzja
700 1# - HASŁO DODATKOWE - NAZWA OSOBOWA
Nazwa osobowa Brząkała, Włodzimierz.
Określenie związku między hasłem a opisywanym materiałem Recenzja
700 1# - HASŁO DODATKOWE - NAZWA OSOBOWA
Nazwa osobowa Wysokiński, Lech.
Określenie związku między hasłem a opisywanym materiałem Recenzja
710 2# - HASŁO DODATKOWE - NAZWA CIAŁA ZBIOROWEGO
Nazwa ciała zbiorowego lub jednostki geograficznej Wydział Budownictwa i Inżynierii Środowiska (Politechnika Koszalińska).
942 ## - HASŁO DODATKOWE - ELEMENTY(KOHA)
Typ dokumentu Rozprawa doktorska
Schemat klasyfikacji Uniwersalna klasyfikacja dziesiętna
Egzemplarze
Wycofany Zagubiony Dołączone materiały Uszkodzony Dostępność Lokalizacja stała Lokalizacja bieżąca Miejsce przechowywania Sygnatura Kod kreskowy Typ dokumentu
    3 recenzje   Tylko na miejscu Bibliografia Prac Pracowników - BPK Bibliografia Prac Pracowników - BPK Informatorium RD 059 00901000 Rozprawa doktorska
© 2014 Biblioteka Politechniki Koszalińskiej :: BIBLIOGRAFIA PRAC PRACOWNIKÓW